ننگے پاؤں (Record no. 611780)

000 -LEADER
fixed length control field 00317nam a22001337a 4500
020 ## - INTERNATIONAL STANDARD BOOK NUMBER
International Standard Book Number 9789693510850
040 ## - CATALOGING SOURCE
Transcribing agency Nust
082 ## - DEWEY DECIMAL CLASSIFICATION NUMBER
Classification number 891.4393
Author Mark ASH
100 ## - MAIN ENTRY--PERSONAL NAME
Personal name Ashfaq Ahmed
245 ## - TITLE STATEMENT
Title ننگے پاؤں
260 ## - PUBLICATION, DISTRIBUTION, ETC.
Place of publication, distribution, etc. Lahore:
Name of publisher, distributor, etc. Dastaan-E-Saraye,
Date of publication, distribution, etc. 1991.
650 ## - SUBJECT ADDED ENTRY--TOPICAL TERM
Topical term or geographic name entry element ننگے پاؤں
9 (RLIN) 126053
942 ## - ADDED ENTRY ELEMENTS (KOHA)
Source of classification or shelving scheme
Koha item type Book
Holdings
Withdrawn status Lost status Source of classification or shelving scheme Damaged status Not for loan Permanent Location Current Location Shelving location Date acquired Shelving control number Full call number Barcode Date last seen Price effective from Koha item type Public note
          College of Electrical & Mechanical Engineering (CEME) College of Electrical & Mechanical Engineering (CEME) Fiction 09/25/2024 Urdu Literature 891.4393 ASH CEME- 33903 09/25/2024 09/25/2024 Book 1.0
© 2023 Central Library, National University of Sciences and Technology. All Rights Reserved.